LEADER 04155oas 2201717 a 450 001 9910134147203321 005 20260218111245.0 011 $a1944-7981 035 $a(DE-599)ZDB2009979-4 035 $a(OCoLC)35705012 035 $a(CONSER)sn 97023013 035 $a(CKB)954921334029 035 $a(DE-599)2009979-4 035 $a(EXLCZ)99954921334029 100 $a19961009a19119999 sy a 101 0 $aeng 135 $aurcn||||||||| 181 $ctxt$2rdacontent 182 $cc$2rdamedia 183 $acr$2rdacarrier 200 04$aThe American economic review 210 $aCambridge, Mass. $cAmerican Economic Association$d1911- 215 $a1 online resource ( volumes) 300 $aRefereed/Peer-reviewed 300 $aVol. 1- includes the Papers and proceedings of the 23rd- Annual Meeting of the American Economic Association. 300 $aPlace of publication varies. 311 08$aPrint version: The American economic review 0002-8282 320 $aIncludes bibliographical references. 606 $aEconomics$vPeriodicals 606 $aEconomics 606 $aEconomics 606 $aE?conomie politique$vPe?riodiques 606 $aE?conomie politique 606 $aeconomics$2aat 606 $aEconomics$2ebps 606 $aIndex$2eclas 606 $aPublications pe?riodiques$2eclas 606 $aScience e?conomique$2eclas 606 $aEconomics$2fast$3(OCoLC)fst00902116 606 $aEconomie$2gtt 606 $aEconomics$vCongresses$2nli 606 $aReconstruction (1939-1951)$zEurope$vPeriodicals$2nli 606 $aReparations for historical injustices$2nli 606 $aECONOMICS$2unbist 608 $aPeriodicals. 608 $aperiodicals.$2aat 608 $aPeriodicals.$2fast 608 $aPeriodicals.$2lcgft 608 $aPe?riodiques.$2rvmgf 615 0$aEconomics 615 0$aEconomics. 615 2$aEconomics. 615 6$aE?conomie politique 615 6$aE?conomie politique. 615 7$aeconomics. 615 7$aEconomics. 615 7$aIndex. 615 7$aPublications pe?riodiques. 615 7$aScience e?conomique. 615 7$aEconomics. 615 17$aEconomie. 615 7$aEconomics 615 7$aReconstruction (1939-1951) 615 7$aReparations for historical injustices. 615 17$aECONOMICS. 676 $a330 712 02$aAmerican Economic Association 712 02$aAmerican Economic Association.$bAnnual Meeting. 801 0$bGZM 801 1$bGZM 801 2$bEYM 801 2$bIUL 801 2$bEYM 801 2$bOCL 801 2$bEYM 801 2$bIUL 801 2$bEYM 801 2$bOCLCQ 801 2$bNSD 801 2$bDLC 801 2$bEEM 801 2$bOCLCQ 801 2$bHUL 801 2$bOCLCQ 801 2$bOCLCO 801 2$bOCLCQ 801 2$bDLC 801 2$bOCLCF 801 2$bOCLCO 801 2$bNZAUC 801 2$bOCLCO 801 2$bOCLCQ 801 2$bDLC 801 2$bDEBBG 801 2$bMDS 801 2$bOCLCO 801 2$bOCLCA 801 2$bU3W 801 2$bOCLCO 801 2$bGILDS 801 2$bOCLCE 801 2$bFJM 801 2$bREDDC 801 2$bWT2 801 2$bINARC 801 2$bOCLCO 801 2$bDLC 801 2$bOCLCA 801 2$bOCLCQ 801 2$bOCLCO 801 2$bWYU 801 2$bOCLCO 801 2$bVT2 801 2$bOCLCO 801 2$bCGU 801 2$bCLU 801 2$bOCLCO 801 2$bSFB 801 2$bOCLCA 801 2$bNLE 801 2$bOCLCO 801 2$bOCLCQ 801 2$bIOY 801 2$bOCLCL 801 2$bLVT 801 2$bKSU 801 2$bCNTRU 801 2$bCEF 801 2$bT5N 801 2$bFIE 801 2$bLIP 801 2$bXFH 801 2$bTNG 801 2$bLND 801 2$bAU@ 801 2$bBWN 801 2$bCLU 801 2$bNTG 801 2$bOCLCL 801 2$bOCLCQ 801 2$bOCLCL 801 2$bOCLCQ 906 $aJOURNAL 912 $a9910134147203321 996 $aAmerican economic review$9801907 997 $aUNINA